Normal view MARC view
  • Usama Irfan Muhammad Zubair Muhammad Ahab Sultan Asbaat Ahmad

Entry Personal Name

Number of records used in: 1

001 - CONTROL NUMBER

  • control field: 100758

003 - CONTROL NUMBER IDENTIFIER

  • control field: NUST

005 - DATE AND TIME OF LATEST TRANSACTION

  • control field: 20221019111254.0

008 - FIXED-LENGTH DATA ELEMENTS

  • fixed length control field: 221019|| aca||aabn | a|a d

040 ## - CATALOGING SOURCE

  • Original cataloging agency: NUST
  • Transcribing agency: NUST

100 ## - HEADING--PERSONAL NAME

  • Personal name: Usama Irfan Muhammad Zubair Muhammad Ahab Sultan Asbaat Ahmad

670 ## - SOURCE DATA FOUND

  • Source citation: Work cat.: (NUST): Usama Irfan Muhammad Zubair Muhammad Ahab Sultan Asbaat Ahmad , PR-SOF-2174- Design and Manufacturing of A Small-Scale Energy Harvesting Demonstration Model For Vibrations Lab, 2022.
© 2023 Central Library, National University of Sciences and Technology. All Rights Reserved.